Kommunen im Landkreis Höxter - Statistiken

Allgemein
  • Dieses Quiz wurde 42 mal gespielt
  • Das Durchschnittsergebnis liegt bei 8 aus 10
Antwortstatistiken
Einwohnerzahl Kommune % Korrekt
28.166 Höxter
100%
19.080 Bad Driburg
86%
23.252 Warburg
86%
16.193 Brakel
81%
12.669 Beverungen
76%
8.281 Willebadessen
76%
8.632 Borgentreich
71%
4.791 Marienmünster
71%
12.107 Steinheim
71%
6.081 Nieheim
62%
Keine übereinstimmenden Quizze gefunden
Verteilung der Resultate
Anzahl Personen mit jedem Resultat
Perzentil nach korrekt beantworteten Fragen
Ihre Resultats-Entwicklung
Sie haben dieses Quiz noch nicht gespielt